| 000 | 00522nam a22001577a 4500 | ||
|---|---|---|---|
| 999 |
_c264715 _d264714 |
||
| 003 | OSt | ||
| 005 | 20250213111118.0 | ||
| 008 | 250213b xxu||||| |||| 00| 0 eng d | ||
| 024 | _2MED/6001/2019 | ||
| 040 | _cRongo University | ||
| 050 |
_aHD 69 P75 _bO34 |
||
| 100 | _aOngukah Jim Odhiambo | ||
| 245 | _aMonitoring and Evaluation Leadership Strategies Towards Completion of Infrastructure Project in Public Secondary In Uriri Sub County, Migori County. | ||
| 260 |
_aRongo _bRongo University _c2024 |
||
| 942 |
_2lcc _cTH |
||